| 000 | 00429nam a22001697a 4500 | ||
|---|---|---|---|
| 005 | 20180606151653.0 | ||
| 008 | 160526b xxu||||| |||| 00| 0 eng d | ||
| 020 | _a81-259-1376-9 | ||
| 041 | _aeng | ||
| 082 |
_b5359 _a657 |
||
| 100 |
_aMaheshwari, S.N. and S.K. _91171 |
||
| 245 | _aFundamentals of Accounting | ||
| 260 |
_aNew Delhi _bAcademic Faundation _c2003 |
||
| 300 | _a4.116 | ||
| 650 |
_aManagement _9241 |
||
| 942 | _cBK | ||
| 999 |
_c1894 _d1893 |
||